Gerardo Diego (Record no. 5893)

MARC details
000 -LEADER
campo de control de longitud fija 01032nam a2200277 i 4500
001 - NÚMERO DE CONTROL
campo de control 5893
003 - IDENTIFICADOR DE NÚMERO DE CONTROL
campo de control ES-MaACL
005 - FECHA Y HORA DE LA ÚLTIMA TRANSACCIÓN
campo de control 20250903231907.0
007 - CAMPO FIJO DE DESCRIPCIÓN FÍSICA--INFORMACIÓN GENERAL
campo de control de longitud fija t|
008 - DATOS DE LONGITUD FIJA--INFORMACIÓN GENERAL
campo de control de longitud fija 890613s1989 sp ||||1| spa d
020 ## - NÚMERO INTERNACIONAL ESTÁNDAR DEL LIBRO
Número Internacional Estándar del Libro 84-7658-165-3
080 ## - NÚMERO DE LA CLASIFICACIÓN DECIMAL UNIVERSAL
Número de la Clasificación Decimal Universal 86(Diego,G.1.06)
245 00 - MENCIÓN DEL TÍTULO
Título Gerardo Diego
Resto del título : premio de literatura en lengua castellana "Miguel de Cervantes" (1979) /
Mención de responsabilidad, etc. [Arturo del Villar... (et al.)].
250 ## - MENCION DE EDICION
Mención de edición 1a ed.
260 ## - PUBLICACIÓN, DISTRIBUCIÓN, ETC.
Lugar de publicación, distribución, etc. Barcelona :
Nombre del editor, distribuidor, etc. Anthropos ; Madrid : Direccion General del Libro y Bibliotecas,
Fecha de publicación, distribución, etc. 1989.
300 ## - DESCRIPCIÓN FÍSICA
Extensión 151 p. :
Otras características físicas fot. bl. y n. ;
Dimensiones 20 cm.
490 1# - MENCIÓN DE SERIE
Mención de serie Ambitos literarios. Premios Cervantes ;
Designación de volumen o secuencia 5
504 ## - NOTA DE BIBLIOGRAFÍA, ETC.
Nota de bibliografía, etc. Bibliogr.: p. 129-147.
600 14 - PUNTO DE ACCESO ADICIONAL DE MATERIA--NOMBRE DE PERSONA
Nombre de persona Diego, Gerardo,
Fechas asociadas al nombre 1896-1987
9 (RLIN) 44545
700 1# - ENTRADA AGREGADA--NOMBRE PERSONAL
Nombre de persona Villar, Arturo del,
Fechas asociadas al nombre 1940-
9 (RLIN) 115066
710 1# - ENTRADA AGREGADA--NOMBRE DE ENTIDAD CORPORATIVA
Nombre de entidad corporativa o nombre de jurisdicción como elemento de entrada España.
Unidad subordinada Dirección General del Libro y Bibliotecas.
9 (RLIN) 3788
830 00 - PUNTO DE ACCESO ADICIONAL DE SERIE-TÍTULO UNIFORME
Título uniforme Ámbitos literarios.
Nombre de parte o sección de la obra Premios Cervantes ;
Designación de volumen o secuencia 5
9 (RLIN) 236240
852 ## - LOCALIZACIÓN
Ubicación ES-MaACL
Número de control de estantería L-13024
Sublocalización o colección R.116634
Nota libre . - rust.
942 ## - ELEMENTOS DE ENTRADA SECUNDARIOS (KOHA)
Fuente del sistema de clasificación o colocación Clasificación decimal universal
Holdings
Estatus retirado Estado de pérdida Estado de daño No para préstamo Biblioteca de origen Biblioteca actual Ubicación en estantería Fecha de adquisición Fuente de adquisición Total de préstamos Signatura topográfica completa Código de barras Visto por última vez Precio de reemplazo Tipo de ítem Koha
        Biblioteca del Ateneo de Madrid Biblioteca del Ateneo de Madrid Depósito 2 17/01/2008     L-13024 1005987 23/02/2023 23/02/2023 Libro impreso